Изображение и краткое описание главнейших насекомых, вредящих плодовым садам. Ч. 1: Насекомые, вредящие плодовым деревьям (Запись № 5169559)

Подробности
000 -МАРКЕР
контрольное поле 01496nam2a22002771 4500
001 - ИДЕНТИФИКАТОР ЗАПИСИ
контрольное поле v19\rc\1788942
005 - ИДЕНТИФИКАТОР ВЕРСИИ
контрольное поле 20250619075513.0
035 ## - ДРУГИЕ СИСТЕМНЫЕ НОМЕРА
Идентификатор записи (NLR Aleph) 004880964
100 ## - ДАННЫЕ ОБЩЕЙ ОБРАБОТКИ
Данные общей обработки 20061204d1905 |||y0rusy50 ca
101 0# - ЯЗЫК РЕСУРСА
Язык текста, звукозаписи и т.д. русский
102 ## - СТРАНА ПУБЛИКАЦИИ ИЛИ ПРОИЗВОДСТВА
Страна публикации Российская Федерация
105 ## - ПОЛЕ КОДИРОВАННЫХ ДАННЫХ: ТЕКСТОВЫЕ МАТЕРИАЛЫ, МОНОГРАФИЧЕСКИЕ
Кодированные данные о монографическом текстовом документе a z |||||
200 1# - ЗАГЛАВИЕ И СВЕДЕНИЯ ОБ ОТВЕТСТВЕННОСТИ
Основное заглавие Насекомые, вредящие плодовым деревьям
Сведения, относящиеся к заглавию С 7 раскр. табл. и 19 рис. в тексте
Первые сведения об ответственности [Предисл. И. Порчинский]
215 ## - ФИЗИЧЕСКАЯ ХАРАКТЕРИСТИКА
Специфическое обозначение материала и объем 53, [2] с., VII л. табл., ил.
225 1# - СЕРИЯ
Основное заглавие серии ...
Обозначение тома Т. 6, № 4
461 #0 - УРОВЕНЬ НАБОРА
Встроенное поле 001v19\rc\1788941
-- 2001#$aИзображение и краткое описание главнейших насекомых, вредящих плодовым садам$fИ. Васильев. Ч. 1-$vЧ. 1
-- 700#1$aВасильев$bИ. В.$cэнтомолог$f1871-1965$gИван Васильевич$3RU\NLR\AUTH\770269452
Системный номер (АБИС) связанной записи 5169553
Автор Васильев, И. В. (энтомолог ; 1871-1965)
Место публикации Санкт-Петербург
Дата публикации 1905
Первые сведения об ответственности И. Васильев. Ч. 1-
Имя издателя, распространителя и т.д. тип. М. Меркушева
Физическая характеристика 1 т.
Заглавие Изображение и краткое описание главнейших насекомых, вредящих плодовым садам
Номер тома Ч. 1
801 #0 - ИСТОЧНИК ЗАПИСИ
Страна Российская Федерация
Организация NLR
Правила каталогизации psbo
801 #0 - ИСТОЧНИК ЗАПИСИ
Страна Российская Федерация
Организация RuMoRGB
Источник данных psbo
801 #1 - ИСТОЧНИК ЗАПИСИ
Страна Российская Федерация
Организация ProSoft-M
Источник данных rusmarc
852 ## - МЕСТОНАХОЖДЕНИЕ И ШИФР ХРАНЕНИЯ
Идентификатор организации NLR
Шифр хранения (Call Number) 38.47.7.55(Т.6 №4)
899 ## - ДАННЫЕ О МЕСТОНАХОЖДЕНИИ (устаревшее)
Местонахождение RuMoRGB
Шифр хранения A 191/248
899 ## - ДАННЫЕ О МЕСТОНАХОЖДЕНИИ (устаревшее)
Местонахождение НБ МГУ
942 ## - ДОПОЛНИТЕЛЬНЫЕ ЭЛЕМЕНТЫ ЗАПИСИ (АБИС)
Тип экземпляра АБИС Книга
980 ## - КОЛЛЕКЦИЯ
Название коллекции Национальная библиография
Экземпляры
Тип экземпляра Дата поступления Библиотека постоянного хранения Библиотека текущего хранения Место хранения Шифр хранения Штрих-код Статус экземпляра
Книга 26.10.2013 РНБ (Садовая) РНБ (Садовая) Русский книжный фонд -Главное здание, Ленинский читальный зал 38.47.7.55(Т.6 №4) 4880964-10